Estimation of the financial risk for public enterprise construction companies in egypt / (Record no. 178127)

MARC details
000 -LEADER
fixed length control field 01360namaa22003131i 4500
005 - أخر تعامل مع التسجيلة
control field 20260228125726.0
008 - FIXED-LENGTH DATA ELEMENTS--GENERAL INFORMATION
fixed length control field 260203s1996 ua a|||frm||| 000 0 eng d
040 ## - CATALOGING SOURCE
Original cataloguing agency EG-GICUC
Language of cataloging eng
Transcribing agency EG-GICUC
Modifying agency EG-GICUC
Description conventions rda
041 0# - LANGUAGE CODE
Language code of text/sound track or separate title eng
Language code of summary or abstract eng
-- ara
049 ## - Acquisition Source
Acquisition Source Deposit
097 ## - Degree
Degree M.Sc
099 ## - LOCAL FREE-TEXT CALL NUMBER (OCLC)
Local Call Number Cai01.13.05.1996.So.E
100 0# - MAIN ENTRY--PERSONAL NAME
Authority record control number or standard number Samuel Ghobrial Samuel,
Preparation preparation.
245 10 - TITLE STATEMENT
Title Estimation of the financial risk for public enterprise construction companies in egypt /
Statement of responsibility, etc. By Samuel Ghobrial Samuel ; Supervised Dr. Amir Bayoumi I. Khalil, Dr. Mohamed Amr A. G. Hassanein
246 15 - VARYING FORM OF TITLE
Title proper/short title تقدير المخاطرة المالية لشركات التشييد في قطاع الاعمال العام في مصر
264 #0 - PRODUCTION, PUBLICATION, DISTRIBUTION, MANUFACTURE, AND COPYRIGHT NOTICE
Date of production, publication, distribution, manufacture, or copyright notice 1996.
300 ## - PHYSICAL DESCRIPTION
Extent 228 pages
Other physical details illustrations
Dimensions 25 cm. +
336 ## - CONTENT TYPE
Source rda content
Content type term text
337 ## - MEDIA TYPE
Source rdamedia
Media type term Unmediated
338 ## - CARRIER TYPE
Source rdacarrier
Carrier type term volume
502 ## - DISSERTATION NOTE
Dissertation note Thesis (M.Sc.)-Cairo University, 1996
504 ## - BIBLIOGRAPHY, ETC. NOTE
Bibliography, etc. note Bibliography: pages 164-166
653 #0 - INDEX TERM--UNCONTROLLED
Uncontrolled term construction companies in egypt
700 0# - ADDED ENTRY--PERSONAL NAME
Personal name Amir Bayoumi I. Khalil
Relator term thesis advisor.
700 0# - ADDED ENTRY--PERSONAL NAME
Personal name Mohamed Amr A. G. Hassanein
Relator term thesis advisor.
900 ## - Thesis Information
Department Department of Civil Engineering
Faculties Faculty of Engineering
Universities Cairo University
Grant date 1996
Supervisory body Amir Bayoumi I. Khalil
-- Mohamed Amr A. G. Hassanein
905 ## - Cataloger and Reviser Names
Cataloger Name Nehad
Reviser Names Nourhan
942 ## - ADDED ENTRY ELEMENTS (KOHA)
Source of classification or shelving scheme Dewey Decimal Classification
Koha item type Thesis
Edition 21
Suppress in OPAC No
Holdings
Source of classification or shelving scheme Home library Current library Date acquired Inventory number Full call number Barcode Date last seen Effective from Koha item type
Dewey Decimal Classification المكتبة المركزبة الجديدة - جامعة القاهرة مكتبة المئوية 03.02.2026 27520 Cai01.13.05.1996.So.E 01010110027520000 03.02.2026 03.02.2026 Thesis
Cairo University Libraries Portal Implemented & Customized by: Eng. M. Mohamady Contacts: new-lib@cl.cu.edu.eg | cnul@cl.cu.edu.eg
CUCL logo CNUL logo
© All rights reserved — Cairo University Libraries
CUCL logo
Implemented & Customized by: Eng. M. Mohamady Contact: new-lib@cl.cu.edu.eg © All rights reserved — New Central Library
CNUL logo
Implemented & Customized by: Eng. M. Mohamady Contact: cnul@cl.cu.edu.eg © All rights reserved — Cairo National University Library